Score 0/20 Timer 03:00
36 Plays Today
School College/University % Correct
Duke???
94.9%
Rice???
87.9%
Marquette???
87.7%
Seton Hall???
83%
Columbia???
82.6%
Gonzaga???
80.9%
Saint Mary's???
79.1%
Pacific???
76%
Dartmouth???
73.2%
William and Mary???
70.6%
School College/University % Correct
Liberty???
70.3%
Manhattan???
70%
Wofford???
69.8%
Siena???
63.4%
Robert Morris???
63.2%
Winthrop???
62.5%
Davidson???
59.3%
Providence???
57.1%
Holy Cross???
49.3%
Quinnipiac???
46.2%

You're not logged in!

Compare scores with friends on all Sporcle quizzes.
OR
Log In

Sporcle TV

Today on Sporcle TV


Watch our educational content, quiz creation guides, and fun videos on Sporcle TV.

Show Comments

Extras

Top Quizzes Today


Score Distribution

Paid Content

Your Account Isn't Verified!

In order to create a playlist on Sporcle, you need to verify the email address you used during registration. Go to your Sporcle Settings to finish the process.

Report this User

Report this user for behavior that violates our Community Guidelines.

Details: